00425pab a2200121 454500008003600000100002300036245005700059650002500116773001400141909001000155999001700165952012100182180718b xxu||||| |||| 00| 0 eng d aMukherjee, Subrata aRoad to reform - how valid is the dependency theory? aEconomic Development aStatesman a21701 c21701d21701 00104070aIIPAbIIPAd2018-07-19hIssue no: 14 May 92, p.8 and 15 May 92, p.8pAR21770r2018-07-19w2018-07-19yAR